MARC

LEADER 00000nam0a2200000 4500
001 33314
005 20231101210145.0
035 |a (RuTPU)RU\TPU\book\33645 
035 |a BOOK00000296 
090 |a 33314 
100 |a 20011210d1981 m y0rusy50 ca 
101 0 |a rus 
102 |a RU 
105 |a y j 000zy 
200 1 |a Автоматизированное управление объектами тепловых электростанций  |e учебное пособие  |f Г. П. Плетнев 
210 |a Москва  |c Энергоатомиздат  |d 1981 
215 |a 368 с. 
606 1 |a Тепловые электрические станции  |x Оборудование  |2 stltpush  |3 (RuTPU)RU\TPU\subj\59626  |9 77136 
610 1 |a ТЭС 
610 1 |a автоматизированное управление 
610 1 |a паровые котлы 
610 1 |a паровые турбины 
610 1 |a энергоблоки 
610 1 |a учебные пособия 
675 |a 621.311.22.002.5(075.8)  |v 3 
700 1 |a Плетнев  |b Г. П.  |g Геннадий Пантелеймонович 
801 0 |a RU  |b 63413507  |c 20011210  |g PSBO 
801 2 |a RU  |b 63413507  |c 20220830  |g PSBO 
900 |a Тепловые и атомные электростанции 
900 |a Паровые котлы 
900 |a Автоматизация технологических процессов ТЭС 
900 |a Автоматическое регулирование тепловых и парогенераторных установок 
942 |c BK